00442nam a22001692 4500001001100000005001700011008004100028020001700069040001500086100003300101245004200134250001300176260002900189300001600218650003500234852000300269000002421820151217155235.0130619s xx 000 0 eng d a8120335240 : aKABUcKABU1 aDesai, Apurva A.@000018419810aComputer graphics /cApurva A. Desai. a1st ed. aNew Delhi :bPHI,c2008. axv, 347 p. 0aComputer graphics.@00001465271